| 000 | 00562nam a2200181Ia 4500 | ||
|---|---|---|---|
| 005 | 20250508153828.0 | ||
| 008 | 008 250505s9999 xx 000 0 fre d | ||
| 037 | _aBooks to be hide in OPAC | ||
| 040 |
_aFEDL _beng _cFEDL |
||
| 041 |
_afre _2eng |
||
| 084 |
_a371.965, DUB _qFEDL |
||
| 100 |
_aDubois Marc _9764507 |
||
| 245 | 0 | _aL; Aspiration ouvriere vers la culture et les Loisirs des travailleurs | |
| 260 |
_aParis, France _bLibrairie Du Reoueil Sirey _c1937 |
||
| 300 | _a59p | ||
| 942 |
_cHB _h371.965, DUB |
||
| 999 |
_c1345798 _d1345798 |
||